| 000 | 01078nam a22003377a 4500 | ||
|---|---|---|---|
| 003 | CHAP | ||
| 005 | 20220817042750.0 | ||
| 008 | 971013s1971 r 00010 d | ||
| 010 | _a54890 | ||
| 011 | _a55862 | ||
| 035 | _a60015 | ||
| 040 | _cCHAP | ||
| 090 | _aFolleto 6612 | ||
| 100 | 0 | 0 |
_aTurner, P. D. _9115667 |
| 245 | _aMicroorganisms associated with oil palm (Elaeis guineensis Jacq) | ||
| 260 |
_aLondon : _bCommonwealth Mycological Institute, _c1971 |
||
| 300 | _a58 p. | ||
| 490 |
_aPhytopathological papers _v; 14 |
||
| 590 |
_aBATCH-UPD _b10 _c20130110 _lUCH01 _h0540 |
||
| 590 |
_aBATCH-UPD _b10 _c20130110 _lUCH01 _h2252 |
||
| 590 |
_aBATCH-UPD _b10 _c20130410 _lUCH01 _h0221 |
||
| 590 |
_aBATCH-UPD _b10 _c20130914 _lUCH01 _h1255 |
||
| 590 |
_aCONVERSION _b10 _c20130109 _lUCH01 _h1330 |
||
| 650 | 1 | 4 | _aElaeis guineensis. |
| 650 | 1 | 4 |
_aHongos fitopatógenos. _956132 |
| 650 | 1 | 4 |
_aPalmas _xEnfermedades. _984975 |
| 830 | 0 |
_aPhytopathological papers _v; 14 _987912 |
|
| 901 | _aBK | ||
| 942 | _cFOLL | ||
| 949 |
_aFolleto 6612 _bBC _cFOLL _d-129536 _eTS1 _i60015 _mD _si |
||
| 999 |
_c54890 _d54890 |
||